[Event "Titled Tuesday intern op 13th Feb Late"]
[Site "Chess.com INT"]
[Date "2024.02.13"]
[Round "6"]
[White "Francisco Guecamburu, Candela Be"]
[Black "Bullen, Alex"]
[Result "1-0"]
[WhiteElo "2295"]
[BlackElo "2147"]
[PlyCount "135"]
[EventDate "2024.02.13"]
[EventType "swiss (blitz)"]
[EventRounds "11"]
[EventCountry "USA"]
[SourceTitle "CB08_2024"]
[SourceDate "2024.02.21"]
[SourceVersion "1"]
[SourceVersionDate "2024.02.21"]
[SourceQuality "1"]

1. e4 c5 2. Nf3 e6 3. d4 cxd4 4. Nxd4 Nf6 5. Bd3 Nc6 6. Nxc6 bxc6 7. 0-0 d5 8. Qe2 Be7 9. c4 0-0 10. e5 Nd7 11. b3 d4 12. Qe4 g6 13. Qxd4 Nxe5 14. Qxd8 Rxd8 15. Bc2 Bf6 16. Nc3 Nf3+ 17. gxf3 Bxc3 18. Rb1 c5 19. Be4 Rb8 20. Bf4 e5 21. Bg5 Rd4 22. Rfd1 Bb7 23. Be3 Rxd1+ 24. Rxd1 Bd4 25. Bg5 Bxe4 26. fxe4 Rb6 27. Kg2 f6 28. Bc1 Ra6 29. Rd2 Kf7 30. Rc2 Ke6 31. f4 Rb6 32. Kf3 Rb8 33. Bd2 h5 34. Bc1 a6 35. Bd2 Rg8 36. h4 Rf8 37. Bc1 g5 38. f5+ Ke7 39. hxg5 fxg5 40. Bxg5+ Kf7 41. Rg2 Rg8 42. Bh6 Rh8 43. Rg6 a5 44. Kg3 Bc3 45. Kh4 Bd4 46. Kxh5 Be3 47. Ra6 Bxh6 48. Rxh6 Ra8 49. Rh7+ Kf6 50. Rh6+ Kf7 51. Kg5 a4 52. Rh7+ Kg8 53. Rb7 axb3 54. axb3 Ra1 55. Kg6 Rg1+ 56. Kf6 Rh1 57. Rb8+ Kh7 58. Kxe5 Rd1 59. Rb5 Rd8 60. Rxc5 Re8+ 61. Kf4 Kg7 62. Rb5 Rd8 63. e5 Rd3 64. Kg5 Rd4 65. Rb7+ Kf8 66. Kf6 Rd8 67. e6 Ke8 68. Rh7 1-0

[Event "Titled Tuesday intern op 13th Feb Late"]
[Site "Chess.com INT"]
[Date "2024.02.13"]
[Round "2"]
[White "Schut, Han"]
[Black "Francisco Guecamburu, Candela Be"]
[Result "1-0"]
[WhiteElo "2091"]
[BlackElo "2295"]
[PlyCount "95"]
[EventDate "2024.02.13"]
[EventType "swiss (blitz)"]
[EventRounds "11"]
[EventCountry "USA"]
[SourceTitle "CB08_2024"]
[SourceDate "2024.02.21"]
[SourceVersion "1"]
[SourceVersionDate "2024.02.21"]
[SourceQuality "1"]

1. e4 c5 2. Nf3 d6 3. d4 cxd4 4. Nxd4 Nf6 5. f3 e5 6. Bb5+ Nbd7 7. Nf5 a6 8. Ba4 b5 9. Bb3 Nc5 10. Ne3 Bb7 11. Nc3 Be7 12. Bd5 Nxd5 13. Ncxd5 g6 14. 0-0 0-0 15. c3 f5 16. exf5 gxf5 17. Nxe7+ Qxe7 18. Nd5 Qf7 19. Nb6 Rad8 20. a4 Bc6 21. a5 f4 22. b4 Ne6 23. Qe2 Kh8 24. Bb2 Rg8 25. Rfd1 Ng5 26. Kh1 Rg6 27. c4 Re8 28. cxb5 Bxb5 29. Qd2 Kg8 30. Qd5 Rge6 31. Rac1 Be2 32. Rd2 Bb5 33. Rc8 Kg7 34. Rdc2 h6 35. R8c7 R8e7 36. Rxe7 Qxe7 37. Nc8 Qd7 38. Nb6 Qf7 39. Na8 Nh7 40. Rc7 Re7 41. Qb7 Rxc7 42. Qxc7 Qxc7 43. Nxc7 Bc4 44. Ne8+ Kf8 45. Nxd6 Bd3 46. b5 Bxb5 47. Nxb5 axb5 48. a6 1-0

[Event "Titled Tuesday intern op 13th Feb Late"]
[Site "Chess.com INT"]
[Date "2024.02.13"]
[Round "11"]
[White "Yagupov, Igor"]
[Black "Francisco Guecamburu, Candela Be"]
[Result "1-0"]
[WhiteElo "2290"]
[BlackElo "2295"]
[PlyCount "71"]
[EventDate "2024.02.13"]
[EventType "swiss (blitz)"]
[EventRounds "11"]
[EventCountry "USA"]
[SourceTitle "CB08_2024"]
[SourceDate "2024.02.21"]
[SourceVersion "1"]
[SourceVersionDate "2024.02.21"]
[SourceQuality "1"]

1. Nf3 c5 2. e4 a6 3. c3 d5 4. exd5 Qxd5 5. d4 e6 6. Be3 cxd4 7. cxd4 Nf6 8. Nc3 Qd8 9. Bd3 Bd6 10. 0-0 Nc6 11. Rc1 0-0 12. a3 Ne7 13. Bg5 Ned5 14. Nxd5 exd5 15. Ne5 h6 16. Bh4 g5 17. Bg3 Kg7 18. Re1 Ne4 19. Qh5 Nxg3 20. hxg3 Be6 21. Re3 Rc8 22. Rce1 Rh8 23. Qf3 Qf6 24. Qh5 Rc7 25. Rf3 Qd8 26. Bf5 Bxe5 27. Rxe5 Bxf5 28. Rexf5 Rf8 29. Rf6 Qxf6 30. Rxf6 Kxf6 31. Qxh6+ Ke7 32. Qxg5+ f6 33. Qe3+ Kf7 34. g4 Re8 35. Qh6 Rc2 36. Qh7+ 1-0

[Event "Jeddah YM 1st"]
[Site "Jeddah"]
[Date "2024.01.29"]
[Round "8"]
[White "Murzin, Volodar"]
[Black "Francisco Guecamburu, Candela Be"]
[Result "1-0"]
[WhiteElo "2635"]
[BlackElo "2295"]
[PlyCount "99"]
[EventDate "2024.01.24"]
[EventType "tourn"]
[EventRounds "9"]
[EventCountry "SAU"]
[EventCategory "10"]
[SourceTitle "CB06_2024"]
[SourceDate "2024.02.07"]
[SourceVersion "1"]
[SourceVersionDate "2024.02.07"]
[SourceQuality "1"]

1. e4 c5 2. Nf3 a6 3. c3 d5 4. e5 Nc6 5. h3 d4 6. d3 g6 7. Bf4 Bg7 8. Nbd2 f6 9. cxd4 cxd4 10. Be2 Nh6 11. Qb3 fxe5 12. Bxh6 Bxh6 13. 0-0 Na5 14. Qb4 Nc6 15. Qc4 Na5 16. Qc2 Be6 17. Nxe5 Rc8 18. Qd1 0-0 19. Bg4 Bxg4 20. Nxg4 Bxd2 21. Qxd2 Qd5 22. Rfe1 Nc6 23. Re4 h5 24. Nh2 Rf6 25. Nf3 Kg7 26. Ng5 e5 27. Re2 Rcf8 28. a3 Rf4 29. Rc1 Qd7 30. Ne4 Qf5 31. b4 g5 32. a4 g4 33. b5 axb5 34. axb5 Nd8 35. Rc7+ Kg6 36. h4 b6 37. Qa2 Rf7 38. Nd6 Qxd3 39. Nxf7 Rxf7 40. Rxe5 Rxc7 41. Qg8+ Kf6 42. Qg5+ Kf7 43. Qxd8 Qd1+ 44. Kh2 Qc2 45. Qe8+ Kf6 46. Qe6+ Kg7 47. Rg5+ Kh7 48. Qg8+ Kh6 49. Rxh5+ Kxh5 50. Qg5# 1-0

[Event "Jeddah YM 1st"]
[Site "Jeddah"]
[Date "2024.01.28"]
[Round "7"]
[White "Pranav, V."]
[Black "Francisco Guecamburu, Candela Be"]
[Result "1-0"]
[WhiteElo "2611"]
[BlackElo "2295"]
[PlyCount "103"]
[EventDate "2024.01.24"]
[EventType "tourn"]
[EventRounds "9"]
[EventCountry "SAU"]
[EventCategory "10"]
[SourceTitle "CB06_2024"]
[SourceDate "2024.02.07"]
[SourceVersion "1"]
[SourceVersionDate "2024.02.07"]
[SourceQuality "1"]

1. Nf3 c5 2. g3 Nc6 3. Bg2 g6 4. 0-0 Bg7 5. c4 d6 6. Nc3 e5 7. d3 Nge7 8. a3 a5 9. Rb1 h6 10. Ne1 Be6 11. Nd5 Rb8 12. Nxe7 Nxe7 13. b4 axb4 14. axb4 b6 15. Nc2 0-0 16. Na3 Qd7 17. Re1 Nc6 18. Bd2 Rfc8 19. Nb5 Kh7 20. Ra1 d5 21. cxd5 Bxd5 22. Bxd5 Qxd5 23. Nc3 Qd7 24. bxc5 bxc5 25. Ra4 Nd4 26. Rc4 Rb4 27. Nd5 Rxc4 28. dxc4 Qg4 29. Kg2 Nf5 30. h3 Qd4 31. Qc2 Rb8 32. Bc1 Qa1 33. Bd2 Qd4 34. Bc1 Qa1 35. e3 Qb1 36. Re2 Nd6 37. Ba3 Qa1 38. Bxc5 e4 39. Bxd6 Rb2 40. Qxe4 Rxe2 41. Qf3 Re1 42. Qxf7 Rg1+ 43. Kf3 Qd1+ 44. Kf4 g5+ 45. Kf5 Qd3+ 46. e4 Qd4 47. Nf6+ Qxf6+ 48. Qxf6 Bxf6 49. Kxf6 Rf1 50. c5 Rxf2+ 51. Ke6 Rc2 52. Kd7 1-0

[Event "Jeddah YM 1st"]
[Site "Jeddah"]
[Date "2024.01.27"]
[Round "5"]
[White "Woodward, Andy"]
[Black "Francisco Guecamburu, Candela Be"]
[Result "1-0"]
[WhiteElo "2501"]
[BlackElo "2295"]
[PlyCount "63"]
[EventDate "2024.01.24"]
[EventType "tourn"]
[EventRounds "9"]
[EventCountry "SAU"]
[EventCategory "10"]
[SourceTitle "CB06_2024"]
[SourceDate "2024.02.07"]
[SourceVersion "1"]
[SourceVersionDate "2024.02.07"]
[SourceQuality "1"]

1. d4 Nf6 2. Nf3 e6 3. c4 b6 4. g3 Bb7 5. Bg2 Be7 6. 0-0 0-0 7. Nc3 Ne4 8. Bd2 Bf6 9. Qc2 Nxd2 10. Qxd2 c5 11. Rfd1 cxd4 12. Nxd4 Bxg2 13. Kxg2 Qc7 14. b3 a6 15. Rac1 Rd8 16. Nf3 Nc6 17. Qe3 Be7 18. Rc2 Qb7 19. Rcd2 Bc5 20. Qf4 Bb4 21. Rd3 b5 22. Ne4 bxc4 23. bxc4 f5 24. Nd6 Bxd6 25. Rxd6 Rac8 26. c5 h6 27. h4 Qb5 28. Qe3 Ne7 29. Rxd7 Rxd7 30. Qxe6+ Kh7 31. Rxd7 Ng6 32. Rd6 1-0

[Event "Jeddah YM 1st"]
[Site "Jeddah"]
[Date "2024.01.25"]
[Round "3"]
[White "Sadhwani, Raunak"]
[Black "Francisco Guecamburu, Candela Be"]
[Result "1-0"]
[WhiteElo "2654"]
[BlackElo "2295"]
[PlyCount "71"]
[EventDate "2024.01.24"]
[EventType "tourn"]
[EventRounds "9"]
[EventCountry "SAU"]
[EventCategory "10"]
[SourceTitle "CB06_2024"]
[SourceDate "2024.02.07"]
[SourceVersion "1"]
[SourceVersionDate "2024.02.07"]
[SourceQuality "1"]

1. e4 e5 2. Nf3 Nc6 3. Bb5 Nge7 4. Nc3 Ng6 5. h4 Nd4 6. h5 Nf4 7. Nxd4 exd4 8. Qf3 Bd6 9. d3 dxc3 10. Bxf4 cxb2 11. Rb1 Bxf4 12. Qxf4 Qe7 13. h6 g6 14. 0-0 c6 15. Bc4 d6 16. d4 0-0 17. Rxb2 b5 18. Bd3 Be6 19. d5 cxd5 20. Rxb5 dxe4 21. Rb7 Qd8 22. Bxe4 Qa5 23. Qxd6 Qg5 24. Qh2 Bxa2 25. Ra1 Rae8 26. Bd3 Qd2 27. Qh4 Be6 28. Rbxa7 Rb8 29. R7a4 Rfd8 30. Ra6 Re8 31. R6a4 Red8 32. Re4 Ra8 33. Rae1 Re8 34. R4e3 Rac8 35. Qf6 Qc3 36. Re5 1-0

[Event "Wch U20 Girls 39th"]
[Site "Mexico City"]
[Date "2023.09.28"]
[Round "8"]
[White "Francisco Guecamburu, Candela Be"]
[Black "Skaslien, Ingrid"]
[Result "1-0"]
[WhiteElo "2345"]
[BlackElo "1919"]
[PlyCount "131"]
[EventDate "2023.09.21"]
[EventType "swiss"]
[EventRounds "11"]
[EventCountry "MEX"]
[SourceTitle "EXT 2024"]
[Source "ChessBase"]
[SourceDate "2023.10.10"]
[SourceVersion "1"]
[SourceVersionDate "2023.10.10"]
[SourceQuality "1"]

1. e4 e6 2. d4 d5 3. Nc3 Bb4 4. e5 c5 5. a3 Bxc3+ 6. bxc3 Nc6 7. Qg4 Nge7 8. Qxg7 Rg8 9. Qxh7 cxd4 10. cxd4 Nxd4 11. Qd3 Nef5 12. Ne2 Nxe2 13. Qxe2 Bd7 14. f4 Rc8 15. Qf2 d4 16. Rg1 Qc7 17. Ra2 Qa5+ 18. Qd2 Qd5 19. Rb2 Ne3 20. g3 Qe4 21. Bd3 Qd5 22. Qe2 Qa5+ 23. Rb4 Nd5 24. Bd2 Nxb4 25. Bxb4 Qd5 26. Qh5 Rc5 27. Qh7 Rf8 28. Qe4 Rh8 29. h4 Qxe4+ 30. Bxe4 Rb5 31. Bd3 Rb6 32. Kd2 Rc6 33. Be4 Rc7 34. Bd6 Rc3 35. Bxb7 Bc6 36. Bxc6+ Rxc6 37. Rb1 Rb6 38. Rg1 Rc6 39. Kd3 Kd7 40. Kxd4 Rxc2 41. Bb4 Rhc8 42. Ke3 Rg8 43. Kf3 Rb2 44. Rd1+ Kc6 45. Rd3 Kb5 46. Rc3 a5 47. Be7 a4 48. h5 Rb3 49. Bb4 Rc8 50. Re3 Rxb4 51. axb4 Kxb4 52. g4 a3 53. f5 exf5 54. gxf5 Rh8 55. Kg4 a2 56. Re1 Rg8+ 57. Kf4 Rg2 58. h6 Re2 59. Ra1 Kc5 60. h7 Rh2 61. Rxa2 Rxh7 62. Rd2 Rg7 63. Rd7 Kc6 64. e6 Rg1 65. Rxf7 Rh1 66. Ke4 1-0

[Event "Wch U20 Girls 39th"]
[Site "Mexico City"]
[Date "2023.09.23"]
[Round "4"]
[White "Francisco Guecamburu, Candela Be"]
[Black "Demchenko, Svitlana"]
[Result "1-0"]
[WhiteElo "2345"]
[BlackElo "2169"]
[PlyCount "69"]
[EventDate "2023.09.21"]
[EventType "swiss"]
[EventRounds "11"]
[EventCountry "MEX"]
[SourceTitle "EXT 2024"]
[Source "ChessBase"]
[SourceDate "2023.10.10"]
[SourceVersion "1"]
[SourceVersionDate "2023.10.10"]
[SourceQuality "1"]

1. e4 c5 2. Nf3 e6 3. d4 cxd4 4. Nxd4 Nc6 5. Bf4 d6 6. Nxc6 bxc6 7. c4 e5 8. Be3 Nf6 9. Nc3 Ng4 10. Bc1 Be7 11. Be2 Nf6 12. Be3 Be6 13. 0-0 0-0 14. b4 d5 15. cxd5 cxd5 16. exd5 Nxd5 17. Nxd5 Bxd5 18. Qa4 Qc7 19. Rfd1 Rfd8 20. a3 Qc6 21. Qxc6 Bxc6 22. b5 Be4 23. a4 Kf8 24. a5 Ke8 25. a6 Bd6 26. b6 axb6 27. Bxb6 Ke7 28. Bxd8+ Rxd8 29. Bc4 Rd7 30. a7 Ba8 31. Bd5 Rd8 32. Rab1 Bc5 33. Bxa8 Rxa8 34. Rb7+ Ke6 35. Rdd7 1-0

[Event "Wch U20 Girls 39th"]
[Site "Mexico City"]
[Date "2023.09.22"]
[Round "3"]
[White "Hernandez Bermudez, Manuela"]
[Black "Francisco Guecamburu, Candela Be"]
[Result "0-1"]
[WhiteElo "1905"]
[BlackElo "2345"]
[PlyCount "86"]
[EventDate "2023.09.21"]
[EventType "swiss"]
[EventRounds "11"]
[EventCountry "MEX"]
[SourceTitle "EXT 2024"]
[Source "ChessBase"]
[SourceDate "2023.10.10"]
[SourceVersion "1"]
[SourceVersionDate "2023.10.10"]
[SourceQuality "1"]

1. e4 e5 2. Nf3 Nc6 3. Bb5 Nge7 4. c3 d5 5. Nxe5 dxe4 6. d4 exd3 7. Nxc6 Nxc6 8. Bxd3 Be6 9. Be3 Qd5 10. 0-0 0-0-0 11. Be2 Qe5 12. Qa4 Bd6 13. g3 Bc5 14. Qf4 Bxe3 15. Qxe3 Qxe3 16. fxe3 Ne5 17. Rf2 h5 18. Na3 h4 19. gxh4 Rxh4 20. Rd1 Bxa2 21. Rxd8+ Kxd8 22. Rf4 Rxf4 23. exf4 Ng6 24. f5 Nh4 25. Bd3 Bd5 26. Kf2 Nf3 27. Be2 Ne5 28. Ke3 f6 29. Nc2 Ke7 30. Ne1 Kd6 31. b4 b6 32. Nc2 a5 33. Na3 axb4 34. cxb4 c6 35. h3 Bg2 36. h4 Bd5 37. Kf4 Bb3 38. Ke3 Kd5 39. Nb1 Nc4+ 40. Kd3 Ke5 41. Bf3 c5 42. bxc5 bxc5 43. Nc3 Nd6 0-1

[Event "Titled Tuesday intern op 05th Sep Late"]
[Site "Chess.com INT"]
[Date "2023.09.05"]
[Round "9"]
[White "Rodriguez Fontecha, Marcos"]
[Black "Francisco Guecamburu, Candela Be"]
[Result "1-0"]
[WhiteElo "2289"]
[BlackElo "2345"]
[PlyCount "135"]
[EventDate "2023.09.05"]
[EventType "swiss (blitz)"]
[EventRounds "11"]
[EventCountry "USA"]
[SourceTitle "EXT 2024"]
[Source "ChessBase"]
[SourceDate "2023.10.10"]
[SourceVersion "1"]
[SourceVersionDate "2023.10.10"]
[SourceQuality "1"]

1. e4 c5 2. Nc3 g6 3. g3 Bg7 4. Bg2 Nc6 5. d3 e6 6. Be3 Nd4 7. Qd2 Ne7 8. Nd1 b6 9. c3 Ndc6 10. Bh6 Bxh6 11. Qxh6 Ng8 12. Qd2 Bb7 13. Ne2 d5 14. exd5 exd5 15. 0-0 Nge7 16. d4 Qd6 17. Ne3 0-0-0 18. Nf4 cxd4 19. cxd4 Na5 20. Rfc1+ Kb8 21. b4 Nac6 22. a3 g5 23. Nfxd5 Nxd5 24. Nxd5 Ne7 25. Nxe7 Bxg2 26. Kxg2 Qxe7 27. Qe3 Qb7+ 28. Kg1 f6 29. Re1 h5 30. Qe6 h4 31. Qxf6 hxg3 32. fxg3 Qh7 33. Qe5+ Ka8 34. Qe4+ Qxe4 35. Rxe4 Rd5 36. Rae1 Rhd8 37. Re8 Rxd4 38. Rxd8+ Rxd8 39. Kg2 g4 40. Re2 Rd3 41. Ra2 Kb7 42. h3 gxh3+ 43. Kxh3 a5 44. b5 Rb3 45. a4 Kc7 46. Kh4 Rb4+ 47. g4 Kd7 48. Kh5 Ke7 49. g5 Kf7 50. Rc2 Rxa4 51. Rc7+ Kg8 52. Kh6 Ra1 53. Rc8+ Kf7 54. g6+ Kf6 55. Rf8+ Ke7 56. Rf5 Rh1+ 57. Kg7 Rg1 58. Rf7+ Ke6 59. Ra7 Rg2 60. Ra6 Kd5 61. Rxb6 Kc5 62. Rb8 a4 63. b6 a3 64. b7 Kb6 65. Ra8 Kxb7 66. Rxa3 Kc7 67. Rf3 Kd7 68. Kf7 1-0

[Event "Titled Tuesday intern op 15th Aug Late"]
[Site "Chess.com INT"]
[Date "2023.08.15"]
[Round "9"]
[White "Bueno, Alfeu Varela Jr"]
[Black "Francisco Guecamburu, Candela Be"]
[Result "0-1"]
[WhiteElo "2135"]
[BlackElo "2352"]
[PlyCount "66"]
[EventDate "2023.08.15"]
[EventType "swiss (blitz)"]
[EventRounds "11"]
[EventCountry "USA"]
[SourceTitle "EXT 2024"]
[Source "ChessBase"]
[SourceDate "2023.10.10"]
[SourceVersion "1"]
[SourceVersionDate "2023.10.10"]
[SourceQuality "1"]

1. e4 c5 2. Nc3 g6 3. f4 Bg7 4. Nf3 Nc6 5. Bb5 Nd4 6. 0-0 Nxb5 7. Nxb5 d5 8. exd5 a6 9. Nc3 Nf6 10. d4 Nxd5 11. dxc5 Nxc3 12. Qxd8+ Kxd8 13. bxc3 Bxc3 14. Rb1 Kc7 15. Rb3 Bf6 16. Bd2 Kc6 17. Ba5 Kxc5 18. Rb6 Be6 19. Nd2 Bd5 20. c4 Bc6 21. Rd1 Kd6 22. Ne4+ Ke6 23. Ng3 h5 24. Kf2 h4 25. Ne2 Kf5 26. Ke3 Rac8 27. Nd4+ Bxd4+ 28. Rxd4 Bxg2 29. Rb2 Bc6 30. Re2 Rhe8 31. h3 e5 32. fxe5 Rxe5+ 33. Kf2 Rxa5 0-1

[Event "FIDE World Cup (Women)"]
[Site "Baku"]
[Date "2023.08.02"]
[Round "2.1"]
[White "Zhu, Jiner"]
[Black "Francisco Guecamburu, Candela Be"]
[Result "1-0"]
[WhiteElo "2498"]
[BlackElo "2352"]
[PlyCount "57"]
[EventDate "2023.07.30"]
[EventType "k.o."]
[EventRounds "7"]
[EventCountry "AZE"]
[SourceTitle "EXT 2024"]
[Source "ChessBase"]
[SourceDate "2023.10.10"]
[SourceVersion "1"]
[SourceVersionDate "2023.10.10"]
[SourceQuality "1"]

1. e4 e5 2. Nf3 Nc6 3. Bb5 Nge7 4. 0-0 Ng6 5. Re1 Nh4 6. c3 Nxf3+ 7. Qxf3 g6 8. Qg3 Bg7 9. d4 exd4 10. Bg5 f6 11. Bf4 d6 12. cxd4 a6 13. Bxc6+ bxc6 14. e5 0-0 15. exd6 cxd6 16. Bxd6 Re8 17. Nc3 Be6 18. h4 Qb6 19. Bc5 Qxb2 20. Rab1 Qc2 21. Re2 Qf5 22. Rb7 Rac8 23. Ne4 Qg4 24. Nd6 Qxe2 25. Nxe8 Bh8 26. Re7 Qd1+ 27. Kh2 Qg4 28. Qd6 Bd5 29. Re4 1-0

[Event "FIDE World Cup (Women)"]
[Site "Baku"]
[Date "2023.08.01"]
[Round "1.3"]
[White "Francisco Guecamburu, Candela Be"]
[Black "Gomez Barrera, Javiera Belen"]
[Result "1/2-1/2"]
[WhiteElo "2352"]
[BlackElo "2256"]
[PlyCount "96"]
[EventDate "2023.07.30"]
[EventType "k.o."]
[EventRounds "7"]
[EventCountry "AZE"]
[SourceTitle "EXT 2024"]
[Source "ChessBase"]
[SourceDate "2023.10.10"]
[SourceVersion "1"]
[SourceVersionDate "2023.10.10"]
[SourceQuality "1"]

1. e4 e5 2. Nf3 Nc6 3. Bb5 a6 4. Ba4 Nf6 5. 0-0 Bc5 6. c3 b5 7. Bc2 d5 8. d3 0-0 9. Qe2 d4 10. Nbd2 Bb6 11. Nb3 Qe7 12. Bg5 h6 13. Bh4 dxc3 14. bxc3 b4 15. d4 bxc3 16. dxe5 Nxe5 17. Nxe5 Qxe5 18. Bg3 Qb5 19. Qf3 Bb7 20. Bh4 Qh5 21. Qf4 Qg4 22. Qxg4 Nxg4 23. Rfe1 Rfe8 24. Rac1 a5 25. a4 Bc6 26. Bd1 Ne5 27. Rxc3 Bxa4 28. Bg3 Bb5 29. Be2 Bxe2 30. Rxe2 a4 31. Nc1 f6 32. h3 Red8 33. Kh2 Rd1 34. Bf4 Rf1 35. Kg3 Rd1 36. Be3 Bxe3 37. Rexe3 Ra7 38. Re2 Rd4 39. f4 Nd7 40. Kf3 Rd1 41. Rec2 c5 42. Nd3 Ra5 43. Nxc5 Nxc5 44. Rxc5 Rxc5 45. Rxc5 Rd3+ 46. Ke2 Rg3 47. Kf2 Rb3 48. Ra5 a3 1/2-1/2

[Event "FIDE World Cup (Women)"]
[Site "Baku"]
[Date "2023.07.31"]
[Round "1.2"]
[White "Gomez Barrera, Javiera Belen"]
[Black "Francisco Guecamburu, Candela Be"]
[Result "1/2-1/2"]
[WhiteElo "2256"]
[BlackElo "2352"]
[PlyCount "181"]
[EventDate "2023.07.30"]
[EventType "k.o."]
[EventRounds "7"]
[EventCountry "AZE"]
[SourceTitle "EXT 2024"]
[Source "ChessBase"]
[SourceDate "2023.10.10"]
[SourceVersion "1"]
[SourceVersionDate "2023.10.10"]
[SourceQuality "1"]

1. e4 c6 2. d4 d5 3. e5 c5 4. Nf3 Nc6 5. dxc5 Bg4 6. c3 e6 7. Be3 a6 8. h3 Bxf3 9. Qxf3 Nxe5 10. Qg3 Nc6 11. Nd2 Nf6 12. Bd3 Qb8 13. Qxb8+ Rxb8 14. b4 Be7 15. 0-0 Nd7 16. Rab1 Bf6 17. Rfc1 0-0 18. Bf1 Rfd8 19. Nb3 e5 20. Rd1 Nf8 21. a3 Ne6 22. c4 Ne7 23. cxd5 Nxd5 24. Bd2 Nd4 25. Na5 Rd7 26. Be1 Rbd8 27. Kh1 Nc2 28. Nc4 Nc7 29. Rxd7 Rxd7 30. Bc3 Nd4 31. Nb6 Rd8 32. a4 Nce6 33. Bc4 a5 34. bxa5 Nxc5 35. f3 Bg5 36. Bb4 Nde6 37. Bd5 Be3 38. Ba3 Bd4 39. Bb2 Bxb2 40. Rxb2 Nxa4 41. Nxa4 Rxd5 42. Rxb7 Rxa5 43. Rb8+ Nf8 44. Nc3 Rc5 45. Ne4 Rd5 46. Ng5 h6 47. Nh7 Kxh7 48. Rxf8 Kg6 49. Kh2 Rd2 50. Re8 Kf6 51. Kg3 g5 52. Rg8 Rd4 53. Kf2 h5 54. g4 Rf4 55. Kg3 e4 56. fxe4 Rxe4 57. Kf3 Re5 58. gxh5 Rf5+ 59. Kg3 Rf4 60. h6 Rh4 61. Rh8 Kf5 62. Kg2 f6 63. Kg3 Kg6 64. Rg8+ Kh7 65. Rd8 Rxh6 66. Rd4 Kg6 67. Rb4 f5 68. Rb3 Rh7 69. Kg2 Rc7 70. Rb8 Rc2+ 71. Kf3 Rc3+ 72. Kg2 Rd3 73. Rf8 Re3 74. Kh2 Re2+ 75. Kg1 Rc2 76. Kh1 Ra2 77. Kg1 Rb2 78. Kh1 f4 79. h4 Kh5 80. hxg5 Kxg5 81. Rg8+ Kf5 82. Kg1 Ke4 83. Rc8 Re2 84. Kf1 Kf3 85. Rc3+ Re3 86. Rc2 Rb3 87. Rf2+ Kg3 88. Rg2+ Kh3 89. Rg8 Rf3+ 90. Ke2 Rg3 91. Rf8 1/2-1/2

[Event "FIDE World Cup (Women)"]
[Site "Baku"]
[Date "2023.07.30"]
[Round "1.1"]
[White "Francisco Guecamburu, Candela Be"]
[Black "Gomez Barrera, Javiera Belen"]
[Result "1/2-1/2"]
[WhiteElo "2352"]
[BlackElo "2256"]
[PlyCount "150"]
[EventDate "2023.07.30"]
[EventType "k.o."]
[EventRounds "7"]
[EventCountry "AZE"]
[SourceTitle "EXT 2024"]
[Source "ChessBase"]
[SourceDate "2023.10.10"]
[SourceVersion "1"]
[SourceVersionDate "2023.10.10"]
[SourceQuality "1"]

1. e4 e5 2. Nf3 Nc6 3. Nc3 Nf6 4. d4 exd4 5. Nxd4 Bb4 6. Nxc6 bxc6 7. Bd3 d5 8. exd5 cxd5 9. 0-0 0-0 10. h3 h6 11. Be3 Re8 12. Bd4 Bb7 13. Na4 Ne4 14. c3 Bd6 15. Qg4 Qg5 16. b4 Bc6 17. Nc5 Nxc5 18. bxc5 Be5 19. Rfe1 Bxd4 20. cxd4 Kf8 21. Qxg5 hxg5 22. Rxe8+ Rxe8 23. Rb1 a5 24. Kf1 Ke7 25. f3 g6 26. Re1+ Kf6 27. Rxe8 Bxe8 28. Kf2 Ba4 29. Kg3 Ke7 30. f4 Kf6 31. fxg5+ Kxg5 32. h4+ Kf6 33. Kf4 Bd1 34. g4 Ba4 35. Bf1 Bd7 36. Bg2 Be6 37. g5+ Ke7 38. Ke5 c6 39. Bf1 Bc8 40. Be2 Bb7 41. Bd3 Bc8 42. Kf4 Bd7 43. Ba6 Be6 44. Bd3 Bd7 45. Ke3 Bg4 46. Bc2 Bh3 47. Bd1 Bf1 48. Kf4 Bc4 49. a3 Bb5 50. Ke5 Ba6 51. Bg4 Bb5 52. Bd1 Ba6 53. Ba4 Bb7 54. Kf4 Ke6 55. Kf3 Kd7 56. Ke3 Ke6 57. Bd1 Ba6 58. Kf3 Bb5 59. Kg4 Ba6 60. Kf4 Bb5 61. Bg4+ Ke7 62. Ke5 Ba6 63. Bd1 Bb5 64. h5 gxh5 65. Bxh5 Bd3 66. Bg4 Ba6 67. Bf5 Bb7 68. Bd3 Bc8 69. Kf4 Kf8 70. Bf5 Bb7 71. Bd3 Bc8 72. Bc2 Ba6 73. Ba4 Bb7 74. Kf5 Ke7 75. Ke5 Ba8 1/2-1/2

[Event "Titled Tuesday intern op 11th Jul Late"]
[Site "Chess.com INT"]
[Date "2023.07.11"]
[Round "9"]
[White "Francisco Guecamburu, Candela Be"]
[Black "Mikhailov, Viacheslav"]
[Result "1-0"]
[WhiteElo "2352"]
[BlackElo "2428"]
[PlyCount "81"]
[EventDate "2023.07.11"]
[EventType "swiss (blitz)"]
[EventRounds "11"]
[EventCountry "USA"]
[SourceTitle "EXT 2024"]
[Source "ChessBase"]
[SourceDate "2023.10.10"]
[SourceVersion "1"]
[SourceVersionDate "2023.10.10"]
[SourceQuality "1"]

1. e4 c5 2. Nf3 Nc6 3. Bb5 g6 4. Bxc6 dxc6 5. d3 Bg7 6. h3 Nf6 7. Nc3 0-0 8. Bf4 c4 9. dxc4 Qa5 10. 0-0 Be6 11. Qe2 Qb4 12. a3 Qxc4 13. Rfe1 Rfd8 14. Qxc4 Bxc4 15. Rad1 Nd7 16. Bc7 Kf8 17. Bxd8 Rxd8 18. Nd4 Ke8 19. f4 e5 20. Nf3 exf4 21. e5 h6 22. b3 Be6 23. Ne4 Ke7 24. Nf2 g5 25. Nd3 Bf5 26. Nd4 Bg6 27. Nf3 Nf8 28. Nc5 Rb8 29. Rd2 b6 30. Ne4 Ne6 31. Nd6 Rd8 32. Red1 f6 33. Nd4 fxe5 34. Nxc6+ Kf6 35. Nxd8 Nxd8 36. Ne8+ Bxe8 37. Rxd8 Bf7 38. R8d6+ Be6 39. Rc6 Bf8 40. b4 Be7 41. Rc7 1-0

[Event "Titled Tuesday intern op 11th Jul Late"]
[Site "Chess.com INT"]
[Date "2023.07.11"]
[Round "8"]
[White "Svane, Frederik"]
[Black "Francisco Guecamburu, Candela Be"]
[Result "1-0"]
[WhiteElo "2618"]
[BlackElo "2352"]
[PlyCount "73"]
[EventDate "2023.07.11"]
[EventType "swiss (blitz)"]
[EventRounds "11"]
[EventCountry "USA"]
[SourceTitle "EXT 2024"]
[Source "ChessBase"]
[SourceDate "2023.10.10"]
[SourceVersion "1"]
[SourceVersionDate "2023.10.10"]
[SourceQuality "1"]

1. c4 c5 2. Nc3 Nc6 3. Nf3 g6 4. e3 Bg7 5. d4 cxd4 6. exd4 d6 7. d5 Nb8 8. Be2 Nf6 9. 0-0 0-0 10. h3 a5 11. Be3 Na6 12. Rc1 Nc5 13. Re1 Bd7 14. Nd4 Re8 15. Bf3 a4 16. g4 h6 17. Qd2 Kh7 18. Nde2 Qa5 19. Ng3 b5 20. cxb5 Bxb5 21. Bxc5 dxc5 22. Qe3 Nd7 23. Qf4 Kg8 24. d6 exd6 25. Bxa8 Rxa8 26. Qxd6 Ra6 27. Qd5 Bc6 28. Qd6 Nf8 29. Nd5 Bd4 30. Ne7+ Kg7 31. Nxc6 Qd2 32. Kh1 Qxf2 33. Rf1 Qd2 34. Rxf7+ Kxf7 35. Rf1+ Bf2 36. Qxd2 Rxc6 37. Rxf2+ 1-0